<An> Empirical Estimation of the Prices Responsiveness of the Hungarian Economy <The> Case of Energy Demand

Na minha lista:
Detalhes bibliográficos
Autor principal: Dobozi, István
Formato: Livro
Idioma:inglês
Publicado em: Budapest Hungarian Scientific Council for World Economy 1988
Edição:1. ed.
Tags: Adicionar Tag
Sem tags, seja o primeiro a adicionar uma tag!

MARC

LEADER 00000nam a2200000 4500
001 c033376
005 20221219115752.3
041 0 |a eng 
044 |a HU 
245 1 0 |a <An> Empirical Estimation of the Prices Responsiveness of the Hungarian Economy  |b <The> Case of Energy Demand  |c István Dobozi 
250 |a 1. ed. 
264 1 |a Budapest  |b Hungarian Scientific Council for World Economy  |c 1988 
300 |a 47 s. 
100 1 |a Dobozi, István